00801nam a2200241Ia 450000500170000000800390001702000150005604100080007124500620007925000220014126400350016330000400019833600270023833700330026533800280029849000660032665000300039265000310042265000270045370000330048004000350051308400110054820220316235245.0121119s1998 ve a gr 000 m spa a98025713420 aspa00aEstaba el señor don gatocilustrado por Carmen Salvador aPrimera edición 1aCaracasbEdiciones Ekarec1998 a28 páginasbilustracionesc16 cm. atextobtxt2rdacontent asin mediaciónbn2rdamedia avolumenbnc2rdacarrier0 aLa clave de sol. Canciones tradicionales para cantar y contar142LEMBaLiteratura infantil142LEMBaCanciones infantiles142LEMBaGatosvPoesías1 aSalvador, Carmeneilustrador aCO-BoRNBPbspaerdacCO-BoRNBP aP EST1